000 01728nam a22002297a 4500
999 _c60328
_d60328
003 Ge_BSU
005 20230629120303.0
008 230629s1998 ge ||||| |||| 00| 0 geo d
020 _a9992865251
041 _ageo
080 _a091.33 ა-48
100 _aალექსიძე, ზაზა
_919069
245 _aალბანური მწერლობის ძეგლი სინას მთაზე და მისი მნიშვნელობა კავკასიოლოგიისათვის = Georgian-Albanian palimpsest on Mt. Sinal and its relevance to caucasian studies = Памятник албанской письменности на синайской горе и его значение для кавказоведения /
_c ზაზა ალექსიძე; თსუ, კლასიკ. ფილოლ., ბიზანტ. და ნეოგრეც. ინ-ტი.
264 _aთბილისი :
_bლოგოსი,
_c [1998].
300 _a78 გვ. ;
_b20 სმ.
490 _aპროგრამა "ლოგოსი" : პუბლიკაციები და ღონისძიებები კლასიკური ფილოლოგიის, ბიზანტინისტიკისა და ნეოგრეცისტიკის სფეროში.
504 _aბიბლიოგრ.: გვ. 75-78.
653 _aალბანური მწერლობის ძეგლები
653 _aპალიმფსეტები
710 _a თსუ
_bკლასიკ. ფილოლ., ბიზანტ. და ნეოგრეც. ინ-ტი.
_919070
942 _2udc
_cBK